Residential property market (Record no. 108553)
[ view plain ]
| 000 -LEADER | |
|---|---|
| fixed length control field | 01217cad a22002175a 4500 |
| 001 - CONTROL NUMBER | |
| control field | L144599 |
| 008 - FIXED-LENGTH DATA ELEMENTS--GENERAL INFORMATION | |
| fixed length control field | 080730s2008 xxkado f s 000 0 eng u |
| 035 ## - SYSTEM CONTROL NUMBER | |
| System control number | (Sirsi) u144599 |
| 041 0# - LANGUAGE CODE | |
| Language code of text/sound track or separate title | eng |
| 050 04 - LIBRARY OF CONGRESS CALL NUMBER | |
| Classification number | 333.33 $2 18 |
| 110 2# - MAIN ENTRY--CORPORATE NAME | |
| Corporate name or jurisdiction name as entry element | CB Richard Ellis |
| 9 (RLIN) | 3675 |
| 245 00 - TITLE STATEMENT | |
| Title | Residential property market |
| Remainder of title | 2008 Q2 overview |
| 260 ## - PUBLICATION, DISTRIBUTION, ETC. | |
| Place of publication, distribution, etc. | London |
| Name of publisher, distributor, etc. | CBRE |
| Date of publication, distribution, etc. | 2008 |
| 490 #0 - SERIES STATEMENT | |
| Series statement | CB Richard Ellis/Hamptons International Market View |
| Volume/sequential designation | Q2 2008 |
| 520 ## - SUMMARY, ETC. | |
| Summary, etc. | Activity in the housing market is falling sharply, with eight consecutive months of declines (total fall of 7.3%). Confidence is at an 18 year low. The trajectory of falls in house values are currently similar to those found in the 1990s, although there are various key economic differences between the market then and during the current downturn. Survey posits a fall of house prices by 10% this year, followed by a smaller fall in 2009 and improving prices from the end of 2010 onwards. |
| 651 #4 - SUBJECT ADDED ENTRY--GEOGRAPHIC NAME | |
| Geographic name | United Kingdom |
| Chronological subdivision | |
| 690 ## - LOCAL SUBJECT ADDED ENTRY--TOPICAL TERM (OCLC, RLIN) | |
| Topical term or geographic name as entry element | PROPERTY-RESIDENTIAL PROPERTY-RESIDENTIAL PROPERTY MARKET |
| 710 2# - ADDED ENTRY--CORPORATE NAME | |
| Corporate name or jurisdiction name as entry element | Hamptons International |
| 9 (RLIN) | 4999 |
| 856 40 - ELECTRONIC LOCATION AND ACCESS | |
| Uniform Resource Identifier | <a href="https://www.cbre.co.uk/uk_en/research/report_results">https://www.cbre.co.uk/uk_en/research/report_results</a> |
| Public note | View the item free of charge at www.cbre.com... |
| 942 ## - ADDED ENTRY ELEMENTS (KOHA) | |
| Suppress in OPAC | 0 |
| Withdrawn status | Lost status | Source of classification or shelving scheme | Damaged status | Not for loan | Home library | Current library | Shelving location | Date acquired | Total Checkouts | Full call number | Barcode | Date last seen | Copy number | Price effective from | Koha item type |
|---|---|---|---|---|---|---|---|---|---|---|---|---|---|---|---|
| Dewey Decimal Classification | Virtual | Virtual | Online | 30/07/2008 | ONLINE PUBLICATION | 144599-1001 | 06/08/2019 | 1 | 06/08/2019 | Book |